| 000 | 00800naa a2200205 4500 | ||
|---|---|---|---|
| 001 | 2162214035924976 | ||
| 003 | UA-OsUOA | ||
| 005 | 20240524130652.0 | ||
| 008 | 240524b un ||||| |||| 00| 0 ukr d | ||
| 040 |
_aUA-OsUOA _bukr _cUA-OsUOA _dUA-OsUOA |
||
| 041 | _aukr | ||
| 080 | _a908 | ||
| 090 | _a908 | ||
| 100 |
_aРазиграєв О. _92438 |
||
| 245 |
_aОхорона волинської ділянки східного кордону _cОлег Разиграєв |
||
| 300 | _aС. 312–341 | ||
| 650 | _2UDC | ||
| 773 | 0 |
_0378631 _9402744 _aРазиграєв О. В. _dЛуцьк Волин. старожитності 2012 _o141014 _tПольська державна поліція на Волині у 1919-1926 роках _w(UA-OsUOA) 92398 _z987-966-3232-78-6 |
|
| 942 |
_2udc _cBKA |
||
| 999 |
_c576458 _d576458 |
||